000 00818nam a2200277Ia 4500
003 OSt
005 20221006160229.0
006 a|||||r|||| 00| 0
007 ta
008 221006b |||||||| |||| 00| 0 eng d
020 _a639785384748
_c
_19.95
024 _a44,685
037 _bGift, Window on Korea
_cTextual
040 _aEASL
_cEASL
_beng
041 _2eng
_aeng
082 _aV4952:1973, P3
100 _aHanlon Michael O
_9672543
245 0 _aCrisis on the Korean peninsula
_b How to deal with aNuclear North Korea
260 _aNew York
_bMcGraw-Hill
_c2003
300 _a240p.
_ccm.
490 _v KEL
650 _a Republic of Korea
_9672544
650 _aKEL
942 _hV4952:1973, P3
_cTEXL
_2CC
999 _c1112777
_d1112777